Dělat okna tam, kde dříve byly zdi = Making windows where there were once walls /

Hlavní autor: Neal, Jane
Korporativní autor: Dům umění (Ostrava, Česko)
Další autoři: Kudrna, Jan, 1984-, Sanders, Mark, 1969-, Murcott, Rosana
Jazyk: Čeština
Angličtina
Vydáno: V Řevnicích : Arbor vitae, 2017
Vydání: Vydání první
Témata:
Fyzický popis: 156 stran : ilustrace (některé barevné), portréty ; 28 cm + 1 brožura (14 nečíslovaných stran)
Language note: Souběžný anglický text
Knihy
Uloženo v:
LEADER 02828cam a2200685 i 4500
001 nkc20172883501
003 CZ PrNK
005 20171003133111.0
007 ta
008 170216s2017 xr ac e c 000 0dcze d
015 |z cnb002883501 
020 |a 978-80-7467-120-3  |q (vázáno) 
040 |a KLG001  |b cze  |d BOA001  |e rda 
041 1 |a cze  |a eng  |h cze 
043 |a e------  |a e-xr--- 
045 |a x-y- 
072 7 |a 75  |x Malířství  |2 Konspekt  |9 21 
080 |a 75(4)  |2 MRF 
080 |a 75.036/.038  |2 MRF 
080 |a 72/76:069.5  |2 MRF 
080 |a 069.5-027.551  |2 MRF 
080 |a (4)  |2 MRF 
080 |a (437.3)  |2 MRF 
080 |a (083.824)  |2 MRF 
100 1 |a Neal, Jane  |7 hka2017944586  |4 aut 
245 1 0 |a Dělat okna tam, kde dříve byly zdi =  |b Making windows where there were once walls /  |c texty Jane Neal, Jan Kudrna, Mark Sanders ; překlad Rosana Murcott 
246 3 1 |a Making windows where there were once walls 
250 |a Vydání první 
264 1 |a V Řevnicích :  |b Arbor vitae,  |c 2017 
300 |a 156 stran :  |b ilustrace (některé barevné), portréty ;  |c 28 cm +  |e 1 brožura (14 nečíslovaných stran) 
336 |a text  |b txt  |2 rdacontent 
336 |a statický obraz  |b sti  |2 rdacontent 
337 |a bez média  |b n  |2 rdamedia 
338 |a svazek  |b nc  |2 rdacarrier 
500 |a Vydáno u příležitosti výstavy Narušená imaginace - Dělat okna tam, kde dříve byly zdi, konané v Domě umění v Ostravě od 24. ledna do 27. března 2017 
500 |a Životopisná data, přehled výstav a zastoupení ve sbírkách 
546 |a Souběžný anglický text 
610 2 7 |a Sbírka Roberta Runtáka  |7 ko2017949281  |2 czenas 
648 7 |a 20.-21. století  |7 ch462155  |2 czenas 
650 0 7 |a evropské malířství  |7 ph120073  |y 20.-21. století  |2 czenas 
650 0 7 |a moderní malířství  |7 ph122940  |z Evropa  |2 czenas 
650 0 7 |a soukromé sbírky  |7 ph135214  |z Česko  |2 czenas 
650 0 7 |a umělecké sbírky  |7 ph135222  |z Česko  |2 czenas 
650 0 9 |a European painting  |y 20th-21st centuries  |2 eczenas 
650 0 9 |a modern painting  |z Europe  |2 eczenas 
650 0 9 |a private collections  |z Czechia  |2 eczenas 
650 0 9 |a art collections  |z Czechia  |2 eczenas 
655 7 |a katalogy výstav  |7 fd132536  |2 czenas 
655 9 |a exhibition catalogs  |2 eczenas 
700 1 |a Kudrna, Jan,  |d 1984-  |7 mzk2008479385  |4 aut 
700 1 |a Sanders, Mark,  |d 1969-  |7 jx20100528026  |4 aut 
700 1 |a Murcott, Rosana  |7 pag2008446212  |4 trl 
710 2 |a Dům umění (Ostrava, Česko)  |7 kn20050427017  |4 orm 
740 0 2 |a Narušená imaginace - Dělat okna tam, kde dříve byly zdi 
910 2 |a BOA001  |b 3-1389.397 
920 |a 1118753  |z KLG001 
990 |a BK 
995 |a 11 
991 |b 201706  |c NOV 
996 6 |b 2610710647  |c 3-1389.397  |l MZK  |r Sklad / do 1 hodiny  |n 0  |p p.v.  |w 001615941  |u 000010  |a 1  |e BOA001  |j MZK50  |s P